000 00777nam a2200253Ia 4500
003 OSt
005 20220925231929.0
006 a|||||r|||| 00| 0
007 ta
008 220923b |||||||| |||| 00| 0 eng d
020 _a066985431x
037 _cGeneral Book
040 _aRTL
_cRTL
_beng
041 _2eng
_aeng
082 _aX9:89K.73.N7, L3
100 _aHamer Andrew Marshall
_9296377
245 0 _aIndustrial exodus from central city
_b Public polic
260 _aMassachusetts
_bHeath
_c1973
300 _axii, 107p. Bib p 103-07
_ccm.
500 _aStudies in Business, Technology and Economics
650 _aProduction Management
942 _hX9:89K.73.N7, L3
_cGB
_2CC
999 _c589806
_d589806